[Event "Quebec op"]
[Site "Ste-Foy CAN"]
[Date "2017.08.15"]
[Round "5.10"]
[White "Durette, Francis"]
[Black "Larochelle, Martial"]
[Result "1-0"]
[WhiteElo "1971"]
[BlackElo "2063"]
[WhiteFideId "-1"]
[WhiteFideId "-1"]
[PlyCount "39"]
[GameId "2160767908347251"]
[EventDate "2017.08.12"]
[EventType "swiss"]
[EventRounds "9"]
[EventCountry "CAN"]

1. c4 e5 2. Nc3 Bb4 3. g3 Bxc3 4. dxc3 d6 5. Bg2 Qe7 6. e4 Nc6 7. Be3 Nf6 8. h3 O-O 9. Ne2 Be6 10. b3 Nd7 11. g4 Qd8 12. Ng3 a6 13. Qe2 Rb8 14. Rd1 Qc8 15. Nf5 b5 16. cxb5 axb5 17. h4 Nc5 18. h5 Re8 19. Qd2 Ne7 20. Nxg7 1-0

[Event "Quebec op"]
[Site "Ste-Foy CAN"]
[Date "2017.08.15"]
[Round "5.11"]
[White "Bernatchez, Dan"]
[Black "Gras, Guillaume"]
[Result "0-1"]
[WhiteElo "1950"]
[BlackElo "2061"]
[WhiteFideId "-1"]
[WhiteFideId "-1"]
[PlyCount "90"]
[GameId "2160767908347252"]
[EventDate "2017.08.12"]
[EventType "swiss"]
[EventRounds "9"]
[EventCountry "CAN"]

1. e4 Nf6 2. e5 Nd5 3. d4 d6 4. Nf3 dxe5 5. Nxe5 g6 6. c4 Nb6 7. Nc3 Bg7 8. f4 O-O 9. Be2 c5 10. dxc5 N6d7 11. c6 bxc6 12. Nxd7 Nxd7 13. O-O Rb8 14. Rf3 Nb6 15. Be3 Bg4 16. Rf2 Qxd1+ 17. Nxd1 Bxe2 18. Rxe2 Nxc4 19. Bxa7 Ra8 20. Bc5 Rfb8 21. Rc1 Nxb2 22. Nxb2 Rxb2 23. Rxe7 Bf8 24. Bd4 Rd2 25. Ra7 Rxa7 26. Bxa7 Rxa2 27. Bd4 Ra4 28. Bc5 Bg7 29. Be3 Ra1 30. Kf1 Rxc1+ 31. Bxc1 f5 32. Ke2 Kf7 33. Kd3 Ke6 34. Kc4 Bf8 35. h4 Be7 36. g3 Kf7 37. Bb2 Bf8 38. Bd4 Bg7 39. Bf2 Bf8 40. Bd4 Ba3 41. Be3 Kg7 42. Kd3 Kh6 43. Ke2 Kh5 44. Kf3 c5 45. Bd2 Bb2 0-1

[Event "Quebec op"]
[Site "Ste-Foy CAN"]
[Date "2017.08.15"]
[Round "5.12"]
[White "Couture, Jonathan"]
[Black "Currie, James"]
[Result "1-0"]
[WhiteElo "1945"]
[BlackElo "2041"]
[WhiteFideId "-1"]
[WhiteFideId "-1"]
[PlyCount "80"]
[GameId "2160767908347253"]
[EventDate "2017.08.12"]
[EventType "swiss"]
[EventRounds "9"]
[EventCountry "CAN"]

1. e4 d5 2. exd5 Nf6 3. d4 Nxd5 4. c4 Nb4 5. a3 N4a6 6. Nf3 g6 7. h3 Bg7 8. Nc3 Nd7 9. Be2 O-O 10. O-O c6 11. Be3 Nc7 12. Qd2 Re8 13. Rfd1 Nf6 14. Rac1 Bf5 15. Bd3 Qc8 16. Qc2 Bxh3 17. gxh3 Qxh3 18. Nh2 e5 19. Bf1 Qh4 20. Bg2 e4 21. Ne2 Bf8 22. Qd2 Bd6 23. Bf4 Bxf4 24. Qxf4 Qxf4 25. Nxf4 g5 26. Ne2 h5 27. Rc3 Ng4 28. Nxg4 hxg4 29. Ng3 Kg7 30. Bxe4 Ne6 31. Bf5 Nf4 32. Bxg4 Rh8 33. Ne2 Rh4 34. Nxf4 gxf4 35. Bf3 Kf6 36. d5 Rg8+ 37. Kf1 c5 38. d6 b6 39. Rcd3 Rd8 40. Re1 b5 1-0

[Event "Quebec op"]
[Site "Ste-Foy CAN"]
[Date "2017.08.15"]
[Round "5.13"]
[White "Zhong, Kevin"]
[Black "Pare, Marc"]
[Result "1/2-1/2"]
[WhiteElo "1629"]
[BlackElo "1984"]
[WhiteFideId "-1"]
[WhiteFideId "-1"]
[PlyCount "69"]
[GameId "2160767908347254"]
[EventDate "2017.08.12"]
[EventType "swiss"]
[EventRounds "9"]
[EventCountry "CAN"]

1. e4 d5 2. exd5 Nf6 3. c4 c6 4. d4 cxd5 5. Nc3 Nc6 6. Bg5 Ne4 7. Nxe4 dxe4 8. d5 Ne5 9. Qd4 f6 10. Qxe4 Qb6 11. b3 e6 12. Be3 Bb4+ 13. Kd1 Bc5 14. Nf3 Nxf3 15. gxf3 e5 16. Rg1 Bxe3 17. Qxe3 Qc7 18. Bd3 O-O 19. a4 f5 20. Bc2 f4 21. Qe2 Bf5 22. Bxf5 Rxf5 23. Qe4 Raf8 24. Kc2 a6 25. a5 h6 26. Rg6 Qc5 27. Rg2 R8f7 28. Kc3 Rg5 29. Rxg5 hxg5 30. Qxe5 Qxf2 31. Qe8+ Rf8 32. Qe6+ Kh8 33. Qh3+ Kg8 34. Qe6+ Kh8 35. Qh3+ 1/2-1/2

[Event "Quebec op"]
[Site "Ste-Foy CAN"]
[Date "2017.08.15"]
[Round "5.15"]
[White "Arteau, Benoit"]
[Black "Mercure, Gilbert"]
[Result "1-0"]
[WhiteElo "1948"]
[BlackElo "1890"]
[WhiteFideId "-1"]
[WhiteFideId "-1"]
[PlyCount "69"]
[GameId "2160767908347256"]
[EventDate "2017.08.12"]
[EventType "swiss"]
[EventRounds "9"]
[EventCountry "CAN"]

1. b3 d5 2. Bb2 f6 3. d4 Nc6 4. Nf3 Bg4 5. Nbd2 a6 6. h3 Bh5 7. g3 e6 8. Bg2 f5 9. O-O g5 10. Ne5 Nxe5 11. dxe5 c6 12. f4 Bc5+ 13. Kh2 gxf4 14. Rxf4 Be7 15. Nf3 h6 16. Nd4 Kd7 17. Nxf5 Bg5 18. Rb4 b5 19. Nd6 Be7 20. Rf4 Rh7 21. c4 Bxd6 22. exd6 Rf7 23. cxd5 cxd5 24. Rxf7+ Bxf7 25. e4 Qg5 26. h4 Qh5 27. exd5 exd5 28. Bh3+ Kxd6 29. Ba3+ Kc6 30. Qc2+ Kb6 31. Rc1 Qe5 32. Qc6+ Ka5 33. b4+ Ka4 34. Qc2+ Kxa3 35. Qb3# 1-0

[Event "Quebec op"]
[Site "Ste-Foy CAN"]
[Date "2017.08.15"]
[Round "5.17"]
[White "Soudre, Nicolas"]
[Black "Chabot, Michelin"]
[Result "1-0"]
[WhiteElo "2094"]
[BlackElo "1585"]
[WhiteFideId "-1"]
[WhiteFideId "-1"]
[PlyCount "71"]
[GameId "2160767908347257"]
[EventDate "2017.08.12"]
[EventType "swiss"]
[EventRounds "9"]
[EventCountry "CAN"]

1. e4 c5 2. Nc3 Nc6 3. f4 e6 4. Nf3 d6 5. Bb5 a6 6. Bxc6+ bxc6 7. d3 d5 8. O-O d4 9. Na4 Nf6 10. b3 a5 11. Ne5 Qc7 12. Qe1 Nd7 13. Nc4 Ba6 14. Ncb2 Be7 15. Bd2 Bb5 16. Rc1 O-O 17. c3 Rfb8 18. e5 Qc8 19. f5 Qa6 20. Qg3 exf5 21. Rxf5 dxc3 22. Nxc3 Nxe5 23. Rxe5 Qa7 24. Bf4 Bf6 25. Ne4 c4+ 26. Kh1 Bxe5 27. Bxe5 f5 28. Nf6+ Kh8 29. Bxb8 Rxb8 30. dxc4 gxf6 31. cxb5 Rg8 32. Qf3 cxb5 33. Qxf5 Qd4 34. Nd3 Rg5 35. Rc8+ Kg7 36. Rc7+ 1-0

[Event "Quebec op"]
[Site "Ste-Foy CAN"]
[Date "2017.08.15"]
[Round "5.18"]
[White "Bahadi, Khalid"]
[Black "Bluteau, Yvon"]
[Result "1-0"]
[WhiteElo "1825"]
[BlackElo "1852"]
[WhiteFideId "-1"]
[WhiteFideId "-1"]
[PlyCount "65"]
[GameId "2160767908347258"]
[EventDate "2017.08.12"]
[EventType "swiss"]
[EventRounds "9"]
[EventCountry "CAN"]

1. e4 d5 2. exd5 Nf6 3. d4 Bg4 4. Nf3 Qxd5 5. Be2 e6 6. O-O c6 7. c4 Qd8 8. Nc3 Be7 9. Ne5 Bxe2 10. Qxe2 O-O 11. Be3 Nbd7 12. Rad1 Qa5 13. Nxd7 Nxd7 14. d5 exd5 15. cxd5 cxd5 16. Rxd5 Qc7 17. Nb5 Qc6 18. Rfd1 Nf6 19. Re5 Bd8 20. Rd6 Qc8 21. Rc5 Qg4 22. f3 Qg6 23. Rg5 Qb1+ 24. Kf2 Qxa2 25. Nc3 Qa1 26. Bd4 Ne8 27. Rg4 h5 28. Rg3 Bh4 29. Qe5 Bxg3+ 30. Kxg3 a5 31. Nd5 Qb1 32. Ne7+ Kh8 33. Rh6+ 1-0

[Event "Quebec op"]
[Site "Ste-Foy CAN"]
[Date "2017.08.15"]
[Round "5.19"]
[White "Cossette, Daniel"]
[Black "Steinberg, Ellis"]
[Result "1-0"]
[WhiteElo "2125"]
[BlackElo "1651"]
[WhiteFideId "-1"]
[WhiteFideId "-1"]
[PlyCount "39"]
[GameId "2160767908347259"]
[EventDate "2017.08.12"]
[EventType "swiss"]
[EventRounds "9"]
[EventCountry "CAN"]

1. e4 g6 2. d4 d6 3. Nc3 c6 4. a4 Bg7 5. Nf3 Nf6 6. h3 O-O 7. Be3 Nbd7 8. Be2 Qc7 9. O-O e5 10. dxe5 dxe5 11. Qc1 Re8 12. Rd1 Nf8 13. Bc5 Rd8 14. Qe3 b6 15. Rxd8 Qxd8 16. Bxf8 Qxf8 17. Nxe5 Qb4 18. Nxc6 Qxb2 19. Ra2 Nd5 20. Ne7+ 1-0

[Event "Quebec op"]
[Site "Ste-Foy CAN"]
[Date "2017.08.15"]
[Round "5.20"]
[White "Chevalier, Francois"]
[Black "Lessard, Claude"]
[Result "1-0"]
[WhiteElo "1779"]
[BlackElo "1872"]
[WhiteFideId "-1"]
[WhiteFideId "-1"]
[PlyCount "95"]
[GameId "2160767908347260"]
[EventDate "2017.08.12"]
[EventType "swiss"]
[EventRounds "9"]
[EventCountry "CAN"]

1. d4 Nf6 2. Bf4 c5 3. c3 g6 4. e3 b6 5. Nd2 Bb7 6. Ngf3 Bg7 7. h3 O-O 8. Be2 d6 9. O-O Nbd7 10. a4 a6 11. Bh2 Ra7 12. b4 cxb4 13. cxb4 Nd5 14. Qb3 a5 15. b5 Nb4 16. Rac1 e5 17. Rfd1 Qe7 18. Bf1 Kh8 19. Qa3 f5 20. dxe5 dxe5 21. Ne1 f4 22. e4 f3 23. Nexf3 Nc5 24. Nc4 Bxe4 25. Nfxe5 Bc2 26. Re1 Qf6 27. Bg3 Bxa4 28. Nd6 Nc2 29. Rxc2 Bxc2 30. Bc4 Re7 31. Nef7+ Rexf7 32. Nxf7+ Rxf7 33. Bxf7 Qxf7 34. Qe3 h5 35. Be5 Bb3 36. Bxg7+ Qxg7 37. Qg5 a4 38. Qd8+ Bg8 39. Qxb6 Nd3 40. Rd1 a3 41. Qa5 a2 42. b6 Qb2 43. Kh2 Nxf2 44. Re1 Nd3 45. Rd1 Nc5 46. Qxc5 a1=Q 47. Rxa1 Qxa1 48. b7 1-0

[Event "Quebec op"]
[Site "Ste-Foy CAN"]
[Date "2017.08.16"]
[Round "6"]
[White "Beaulieu, Eric"]
[Black "Soudre, Nicolas"]
[Result "1-0"]
[WhiteElo "2154"]
[BlackElo "2094"]
[WhiteFideId "-1"]
[WhiteFideId "-1"]
[PlyCount "81"]
[GameId "2160767908347261"]
[EventDate "2017.08.12"]
[EventType "swiss"]
[EventRounds "9"]
[EventCountry "CAN"]
[SourceTitle "CBM 180 Extra"]
[Source "ChessBase"]
[SourceDate "2017.10.06"]
[SourceVersion "1"]
[SourceVersionDate "2017.10.06"]
[SourceQuality "1"]

1. d4 e6 2. c4 f5 3. Nc3 Nf6 4. g3 c6 5. Bg2 d5 6. Nf3 Be7 7. O-O O-O 8. Rb1 Ne4 9. Qc2 a5 10. a3 Nd7 11. b4 b6 12. b5 Qc7 13. Bf4 Bd6 14. Nxe4 dxe4 15. Ng5 Re8 16. bxc6 Nf6 17. Bxd6 Qxd6 18. e3 Qxc6 19. f3 Bb7 20. fxe4 h6 21. e5 Qd7 22. exf6 hxg5 23. Bxb7 Qxb7 24. c5 Rac8 25. fxg7 Kxg7 26. Qe2 Qe4 27. Rxb6 Red8 28. Qf3 Qxf3 29. Rxf3 Kf6 30. Rf2 Rd5 31. Kg2 g4 32. h4 gxh3+ 33. Kxh3 Rh8+ 34. Kg2 Rg8 35. Kf3 Rh8 36. Ra6 Rb8 37. Rxa5 Rb3 38. Rd2 Kg5 39. Ra8 Rc3 40. Ke2 Kg4 41. Rg8+ 1-0

[Event "Quebec op"]
[Site "Ste-Foy CAN"]
[Date "2017.08.16"]
[Round "6"]
[White "Berube, Antoine"]
[Black "Van Hoolandt, Patrick"]
[Result "1/2-1/2"]
[WhiteElo "2121"]
[BlackElo "2110"]
[WhiteFideId "-1"]
[WhiteFideId "-1"]
[PlyCount "122"]
[GameId "2160767908347262"]
[EventDate "2017.08.12"]
[EventType "swiss"]
[EventRounds "9"]
[EventCountry "CAN"]
[SourceTitle "CBM 180 Extra"]
[Source "ChessBase"]
[SourceDate "2017.10.06"]
[SourceVersion "1"]
[SourceVersionDate "2017.10.06"]
[SourceQuality "1"]

1. d4 Nf6 2. c4 e6 3. Nf3 d5 4. Nc3 Bb4 5. cxd5 exd5 6. Bg5 Nbd7 7. e3 c5 8. Be2 Qa5 9. O-O c4 10. Qc2 O-O 11. Nd2 b5 12. Bf3 Bxc3 13. bxc3 Qc7 14. a4 bxa4 15. Rxa4 Bb7 16. Rfa1 a6 17. Bxf6 Nxf6 18. e4 Bc6 19. Ra5 dxe4 20. Nxe4 Bxe4 21. Bxe4 Rae8 22. Rc5 Qb6 23. Bf3 Qb3 24. Qd2 Ne4 25. Bxe4 Rxe4 26. Re1 Qc2 27. Qd1 Rfe8 28. Re5 R4xe5 29. dxe5 Qxc3 30. g3 Qb3 31. Qd6 Qb5 32. e6 fxe6 33. Rxe6 Rxe6 34. Qxe6+ Kf8 35. Qc8+ Ke7 36. Qc7+ Kf6 37. Qd6+ Kf7 38. Qc7+ Ke6 39. Qxg7 Qb1+ 40. Kg2 Qe4+ 41. Kh3 a5 42. Qc3 a4 43. Qb4 Qc6 44. Qe1+ Kf6 45. Qc3+ Kf7 46. f4 Qa6 47. Qd4 Qh6+ 48. Kg2 Qc6+ 49. Kh3 c3 50. Qa7+ Ke8 51. Qe3+ Kd8 52. f5 c2 53. Qd4+ Kc7 54. Qe5+ Kc8 55. Qh8+ Kb7 56. Qb2+ Ka7 57. Qc1 Qc3 58. f6 Qxf6 59. Qxc2 Qg6 60. Qc7+ Ka6 61. Qc4+ Ka5 1/2-1/2

[Event "Quebec op"]
[Site "Ste-Foy CAN"]
[Date "2017.08.16"]
[Round "6"]
[White "Gras, Guillaume"]
[Black "Tanaka, Tyler"]
[Result "1-0"]
[WhiteElo "2061"]
[BlackElo "2004"]
[WhiteFideId "-1"]
[WhiteFideId "-1"]
[PlyCount "117"]
[GameId "2160767908347263"]
[EventDate "2017.08.12"]
[EventType "swiss"]
[EventRounds "9"]
[EventCountry "CAN"]
[SourceTitle "CBM 180 Extra"]
[Source "ChessBase"]
[SourceDate "2017.10.06"]
[SourceVersion "1"]
[SourceVersionDate "2017.10.06"]
[SourceQuality "1"]

1. e4 c5 2. Nf3 g6 3. h4 h5 4. Bc4 Bg7 5. Nc3 Nc6 6. d3 d6 7. Ng5 e6 8. Qf3 Nf6 9. Bb5 Bd7 10. Bxc6 Bxc6 11. Qg3 Ng4 12. Ne2 Qe7 13. f3 Ne5 14. Bf4 O-O-O 15. O-O-O Bb5 16. Rhe1 Nc6 17. Bd2 Qc7 18. Bc3 Nd4 19. Nxd4 cxd4 20. Bb4 Rd7 21. Kb1 Kb8 22. Nxf7 Be5 23. Nxe5 dxe5 24. c3 a5 25. Bxa5 Bxd3+ 26. Rxd3 Qxa5 27. cxd4 Rc7 28. Red1 exd4 29. Rxd4 Qc5 30. a3 Rhc8 31. R4d2 Ka8 32. Qxg6 Rc6 33. Qg5 Qc4 34. Qa5+ Ra6 35. Qb4 Qc7 36. Rd7 Qc2+ 37. Ka2 Rb8 38. R1d2 Qc1 39. Rf7 Qc6 40. Rd4 e5 41. Rd5 Rc8 42. Rf8 Kb8 43. Rdd8 Rxd8 44. Rxd8+ Ka7 45. Rd5 Kb8 46. Qf8+ Ka7 47. Qc5+ Qxc5 48. Rxc5 Re6 49. g4 hxg4 50. fxg4 Rc6 51. Rxe5 Rg6 52. Rg5 Re6 53. h5 b5 54. h6 Re7 55. Rg7 Rxg7 56. hxg7 b4 57. axb4 Kb7 58. g8=Q Ka7 59. Qe6 1-0

[Event "Quebec op"]
[Site "Ste-Foy CAN"]
[Date "2017.08.16"]
[Round "6"]
[White "Ouellet, Maili-Jade"]
[Black "Perez Rodriguez, Luis Manuel"]
[Result "0-1"]
[WhiteElo "1982"]
[BlackElo "2364"]
[WhiteFideId "-1"]
[WhiteFideId "-1"]
[PlyCount "96"]
[GameId "2160767908347266"]
[EventDate "2017.08.12"]
[EventType "swiss"]
[EventRounds "9"]
[EventCountry "CAN"]
[SourceTitle "CBM 180 Extra"]
[Source "ChessBase"]
[SourceDate "2017.10.06"]
[SourceVersion "1"]
[SourceVersionDate "2017.10.06"]
[SourceQuality "1"]

1. d4 d5 2. c4 c6 3. Nf3 Nf6 4. Nc3 e6 5. Bg5 dxc4 6. e4 b5 7. e5 h6 8. Bh4 g5 9. Nxg5 hxg5 10. Bxg5 Nbd7 11. g3 Bb7 12. Bg2 Qb6 13. exf6 c5 14. d5 O-O-O 15. O-O b4 16. Na4 Qb5 17. a3 exd5 18. axb4 cxb4 19. Be3 Nc5 20. Nxc5 Bxc5 21. Qg4+ Rd7 22. Qg7 Rhd8 23. Bxc5 Qxc5 24. Bh3 Kc7 25. Bxd7 Rxd7 26. Qg5 Kb6 27. Rfe1 d4 28. Qxc5+ Kxc5 29. Re7 Bc6 30. Ra5+ Kb6 31. Rxd7 Bxd7 32. Rd5 c3 33. Rxd4 c2 34. Rc4 b3 35. Rc3 Bb5 36. h4 a5 37. h5 a4 38. h6 Bd3 39. Kg2 Kb5 40. Rxd3 c1=Q 41. Rd5+ Kb6 42. Rh5 Qc6+ 43. Kh3 Qxf6 44. h7 Qh8 45. Kg2 a3 46. bxa3 b2 47. Rh1 Kb5 48. Rb1 Ka4 0-1

[Event "Quebec op"]
[Site "Ste-Foy CAN"]
[Date "2017.08.16"]
[Round "6.3"]
[White "Sambuev, Bator"]
[Black "Sprumont, Oscar"]
[Result "1-0"]
[WhiteElo "2522"]
[BlackElo "2061"]
[WhiteFideId "-1"]
[WhiteFideId "-1"]
[PlyCount "31"]
[GameId "2160767908347267"]
[EventDate "2017.08.12"]
[EventType "swiss"]
[EventRounds "9"]
[EventCountry "CAN"]

1. Nf3 Nf6 2. c4 c5 3. Nc3 d5 4. cxd5 Nxd5 5. e3 e6 6. d4 cxd4 7. exd4 Nc6 8. Bd3 Be7 9. O-O O-O 10. Re1 a6 11. a3 Re8 12. Bc2 b6 13. Qd3 g6 14. h4 Nxc3 15. bxc3 Bxh4 16. Qe4 1-0

[Event "Quebec op"]
[Site "Ste-Foy CAN"]
[Date "2017.08.16"]
[Round "6.7"]
[White "Dube, Daniel"]
[Black "Perron, Jonathan"]
[Result "1/2-1/2"]
[WhiteElo "1623"]
[BlackElo "2080"]
[WhiteFideId "-1"]
[WhiteFideId "-1"]
[PlyCount "23"]
[GameId "2160767908347269"]
[EventDate "2017.08.12"]
[EventType "swiss"]
[EventRounds "9"]
[EventCountry "CAN"]

1. d4 Nf6 2. c4 e6 3. Nf3 b6 4. a3 Bb7 5. Nc3 d5 6. cxd5 exd5 7. Bf4 Bd6 8. Bxd6 Qxd6 9. e3 O-O 10. Rc1 c6 11. Be2 Nbd7 12. O-O 1/2-1/2

[Event "Quebec op"]
[Site "Ste-Foy CAN"]
[Date "2017.08.16"]
[Round "6.9"]
[White "Pare, Marc"]
[Black "Arteau, Benoit"]
[Result "1-0"]
[WhiteElo "1984"]
[BlackElo "1948"]
[WhiteFideId "-1"]
[WhiteFideId "-1"]
[PlyCount "33"]
[GameId "2160767908347270"]
[EventDate "2017.08.12"]
[EventType "swiss"]
[EventRounds "9"]
[EventCountry "CAN"]

1. e4 b6 2. d4 Bb7 3. Bd3 e6 4. c4 Nf6 5. Nc3 Bb4 6. f3 Nc6 7. Nge2 d5 8. cxd5 exd5 9. e5 Nd7 10. O-O Nf8 11. Be3 Qd7 12. Rc1 O-O-O 13. Qa4 Ng6 14. Bb5 a5 15. Nd1 Nge7 16. a3 Nf5 17. axb4 1-0

[Event "Quebec op"]
[Site "Ste-Foy CAN"]
[Date "2017.08.16"]
[Round "6.10"]
[White "Yao, Sammy"]
[Black "Auger, Bertrand"]
[Result "1/2-1/2"]
[WhiteElo "1965"]
[BlackElo "1969"]
[WhiteFideId "-1"]
[WhiteFideId "-1"]
[PlyCount "123"]
[GameId "2160767908347271"]
[EventDate "2017.08.12"]
[EventType "swiss"]
[EventRounds "9"]
[EventCountry "CAN"]

1. c4 e6 2. g3 Nf6 3. Bg2 d5 4. Nf3 Be7 5. O-O O-O 6. d4 c5 7. cxd5 Nxd5 8. Nc3 Nxc3 9. bxc3 Nc6 10. e4 Qa5 11. d5 Rd8 12. Qb3 c4 13. Qxc4 exd5 14. exd5 Rxd5 15. Nd4 Rc5 16. Nxc6 bxc6 17. Qe4 Be6 18. Be3 Rc4 19. Bd4 Bf6 20. Qe3 Bxd4 21. cxd4 Bd5 22. Rfe1 h6 23. Bf1 Rc3 24. Qe5 Qa3 25. Bh3 g6 26. Bg2 Rd8 27. Qc7 Qf8 28. Bxd5 Rxd5 29. Qxa7 Qd8 30. Rab1 Rd7 31. Rb8 Rxa7 32. Rxd8+ Kg7 33. Re2 Rd3 34. Rd6 Ra4 35. Rc2 Raxd4 36. Rxd4 Rxd4 37. Rxc6 Rd1+ 38. Kg2 Ra1 39. Ra6 h5 40. h4 Kf8 41. Ra7 Kg7 42. a4 Ra3 43. a5 Kf6 44. a6 Ke6 45. Ra8 Kf6 46. a7 Kg7 47. Kf1 Ra2 48. Ke1 Kf6 49. Kd1 Kf5 50. f3 Kf6 51. g4 hxg4 52. fxg4 Kg7 53. h5 gxh5 54. gxh5 Kh7 55. h6 f5 56. Ke1 f4 57. Kf1 f3 58. Ke1 Re2+ 59. Kd1 Ra2 60. Ke1 Re2+ 61. Kf1 Ra2 62. Kg1 1/2-1/2

[Event "Quebec op"]
[Site "Ste-Foy CAN"]
[Date "2017.08.16"]
[Round "6.13"]
[White "Currie, James"]
[Black "Drolet, Stephane"]
[Result "0-1"]
[WhiteElo "2041"]
[BlackElo "2071"]
[WhiteFideId "-1"]
[WhiteFideId "-1"]
[PlyCount "46"]
[GameId "2160767908347273"]
[EventDate "2017.08.12"]
[EventType "swiss"]
[EventRounds "9"]
[EventCountry "CAN"]

1. e4 Nc6 2. d3 e5 3. Nf3 Bc5 4. g3 d6 5. Bg2 Nge7 6. Nbd2 O-O 7. c3 a5 8. a4 Bg4 9. Nc4 f5 10. Qb3 Kh8 11. Ng5 fxe4 12. Ne3 Bxe3 13. Bxe3 Qe8 14. Bxe4 Nf5 15. Bd2 d5 16. Qxd5 h6 17. h4 Nd6 18. f3 Nxe4 19. Qxe4 Bf5 20. Qc4 Rd8 21. O-O-O Bxd3 22. Qe6 Nd4 23. cxd4 Qxa4 0-1

[Event "Quebec op"]
[Site "Ste-Foy CAN"]
[Date "2017.08.16"]
[Round "6.14"]
[White "Halhal, Sami"]
[Black "Bernatchez, Dan"]
[Result "0-1"]
[WhiteElo "1907"]
[BlackElo "1950"]
[WhiteFideId "-1"]
[WhiteFideId "-1"]
[PlyCount "82"]
[GameId "2160767908347274"]
[EventDate "2017.08.12"]
[EventType "swiss"]
[EventRounds "9"]
[EventCountry "CAN"]

1. d4 Nf6 2. Nc3 d5 3. e4 Nxe4 4. Nxe4 dxe4 5. Be3 Bf5 6. f3 e5 7. c3 exd4 8. Bxd4 c5 9. Be3 Qxd1+ 10. Rxd1 Nd7 11. Bb5 O-O-O 12. Kf2 a6 13. Ba4 Be7 14. Bc2 Ne5 15. Rxd8+ Rxd8 16. fxe4 Ng4+ 17. Kf3 Nxe3 18. Kxe3 Bg5+ 19. Kf3 Rd2 20. Bb1 Rxb2 21. Ne2 Be6 22. e5 Bd5+ 23. Kf2 Bc4 24. Re1 Bd2 25. Bf5+ Kc7 26. Rd1 Bxc3 27. Bg4 Bxe5 28. Rd7+ Kc6 29. Re7 Bf6 30. Bf3+ Kd6 31. Re8 Bxa2 32. Ke1 Bd5 33. Bxd5 Kxd5 34. Kd1 Be5 35. Re7 f5 36. g3 a5 37. Nc1 c4 38. Rd7+ Ke4 39. Re7 a4 40. Ne2 Rxe2 41. Kxe2 a3 0-1

[Event "Quebec op"]
[Site "Ste-Foy CAN"]
[Date "2017.08.16"]
[Round "6.15"]
[White "Bluteau, Yvon"]
[Black "Cossette, Daniel"]
[Result "0-1"]
[WhiteElo "1852"]
[BlackElo "2125"]
[WhiteFideId "-1"]
[WhiteFideId "-1"]
[PlyCount "68"]
[GameId "2160767908347275"]
[EventDate "2017.08.12"]
[EventType "swiss"]
[EventRounds "9"]
[EventCountry "CAN"]

1. d4 d5 2. c4 e6 3. Nf3 c5 4. cxd5 exd5 5. Nc3 Nf6 6. g3 Nc6 7. Bg2 Be7 8. O-O O-O 9. Bg5 c4 10. Ne5 Be6 11. Nxc6 bxc6 12. Qc2 h6 13. Bf4 Bd6 14. Bxd6 Qxd6 15. Na4 Nd7 16. Rfd1 Rab8 17. Rd2 g6 18. e4 dxe4 19. Bxe4 Bd5 20. Nc3 Rfe8 21. Re1 Kg7 22. Rde2 Nf6 23. Nxd5 cxd5 24. Bg2 Rxe2 25. Rxe2 Qa6 26. a3 Rb3 27. Bf1 Qb6 28. Rd2 Ne4 29. Re2 Qxd4 30. Bg2 Qd3 31. Bxe4 dxe4 32. Rd2 Qf3 33. Qxc4 e3 34. Qxb3 exf2+ 0-1

[Event "Quebec op"]
[Site "Ste-Foy CAN"]
[Date "2017.08.16"]
[Round "6.16"]
[White "Mercure, Gilbert"]
[Black "Bleau, John"]
[Result "0-1"]
[WhiteElo "1890"]
[BlackElo "1859"]
[WhiteFideId "-1"]
[WhiteFideId "-1"]
[PlyCount "120"]
[GameId "2160767908347276"]
[EventDate "2017.08.12"]
[EventType "swiss"]
[EventRounds "9"]
[EventCountry "CAN"]

1. e4 Nf6 2. Nc3 d5 3. e5 Nfd7 4. e6 fxe6 5. d4 g6 6. h4 Nf6 7. Nf3 Qd6 8. Nb5 Qb6 9. Bf4 Na6 10. a4 c6 11. a5 Qd8 12. Nc3 Bg7 13. Be5 b6 14. g4 bxa5 15. h5 Rg8 16. hxg6 hxg6 17. Ng5 Ne4 18. Ncxe4 Bxe5 19. Bxa6 Bxa6 20. Nc5 Bf6 21. Ngxe6 Qd6 22. g5 Bc8 23. gxf6 Bxe6 24. fxe7 Qxe7 25. Qe2 Bf5 26. Qxe7+ Kxe7 27. Kd2 Kf6 28. f4 Rh8 29. b3 Rae8 30. Raf1 Rh5 31. Rxh5 gxh5 32. Rh1 Bg4 33. Nd3 Re2+ 34. Kc1 Kf5 35. c3 Ke4 36. Nc5+ Kxf4 37. Rf1+ Kg3 38. Nd3 h4 39. Ne5 h3 40. Rf6 Ra2 41. Rg6 Kf4 42. Nd3+ Kf5 43. Rh6 Kg5 44. Rh8 Bf5 45. Ne1 Rf2 46. Rg8+ Bg6 47. Rh8 Kg4 48. Rg8 Rf6 49. Nd3 h2 50. Ne5+ Kg5 51. Rh8 Rf1+ 52. Kb2 h1=Q 53. Rxh1 Rxh1 54. Nxc6 Rh2+ 55. Ka3 Rc2 56. Nxa7 Rxc3 57. Kb2 Rc2+ 58. Ka3 Be8 59. b4 Rc3+ 60. Kb2 axb4 0-1

[Event "Quebec op"]
[Site "Ste-Foy CAN"]
[Date "2017.08.16"]
[Round "6.17"]
[White "Steinberg, Ellis"]
[Black "Chevalier, Francois"]
[Result "1-0"]
[WhiteElo "1651"]
[BlackElo "1779"]
[WhiteFideId "-1"]
[WhiteFideId "-1"]
[PlyCount "105"]
[GameId "2160767908347277"]
[EventDate "2017.08.12"]
[EventType "swiss"]
[EventRounds "9"]
[EventCountry "CAN"]

1. e4 c6 2. d4 d5 3. exd5 cxd5 4. Bd3 Nc6 5. c3 Nf6 6. Bf4 Bg4 7. Qb3 Qd7 8. Nd2 e6 9. Ngf3 Bxf3 10. Nxf3 Bd6 11. Ne5 Qc7 12. O-O O-O 13. Rfe1 Nd7 14. Nxd7 Qxd7 15. Bxd6 Qxd6 16. Re3 Rac8 17. Rae1 Rc7 18. Qd1 g6 19. Qg4 Nd8 20. Qg5 f5 21. Qh4 a6 22. Rh3 b5 23. a3 Rcf7 24. Qh6 Rb7 25. Rhe3 a5 26. Qh3 Kg7 27. Re5 Rff7 28. Qe3 Rfe7 29. h4 Rb6 30. Qh3 Rf7 31. h5 Rf8 32. Qh4 Rb7 33. R5e3 gxh5 34. Qxh5 Kh8 35. Qh6 Qe7 36. Rg3 Qf6 37. Qh5 Qf7 38. Qh6 Qf6 39. Qf4 Rg8 40. Ree3 Rxg3 41. Rxg3 b4 42. cxb4 axb4 43. Qd6 bxa3 44. bxa3 Rg7 45. Re3 h6 46. Bxf5 Qxf5 47. Qxd8+ Kh7 48. Qd6 Qg4 49. g3 Qd1+ 50. Kg2 Qxd4 51. Rxe6 Qd2 52. Kh3 d4 53. f4 1-0

[Event "Quebec op"]
[Site "Ste-Foy CAN"]
[Date "2017.08.16"]
[Round "6.18"]
[White "Lessard, Claude"]
[Black "Chabot, Michelin"]
[Result "1-0"]
[WhiteElo "1872"]
[BlackElo "1585"]
[WhiteFideId "-1"]
[WhiteFideId "-1"]
[PlyCount "47"]
[GameId "2160767908347278"]
[EventDate "2017.08.12"]
[EventType "swiss"]
[EventRounds "9"]
[EventCountry "CAN"]

1. e4 c5 2. b4 cxb4 3. a3 bxa3 4. Bxa3 d6 5. d4 a6 6. Bd3 g6 7. c3 Bg7 8. f4 Nf6 9. Nf3 Bg4 10. h3 Bxf3 11. Qxf3 Nc6 12. e5 dxe5 13. fxe5 Nd5 14. Be4 e6 15. O-O Qd7 16. Nd2 Nd8 17. Nc4 Bf8 18. Bxd5 Qxd5 19. Qf6 Rg8 20. Bxf8 Rxf8 21. Nb6 Qc6 22. Nxa8 b5 23. Qf3 Kd7 24. Qxc6+ 1-0